مكتبة جامعة عجلون الوطنية

فهرس بحث المكتبة

Normal view MARC view
  • محاكم النقض والابرام -- القضاء الاداري -- الاردن -- المحاكم -- الاردن -- المحاكم الدستورية -- الاردن

Entry Topical Term

Number of records used in: 1

001 - CONTROL NUMBER

  • control field: 46837

003 - CONTROL NUMBER IDENTIFIER

  • control field: JO-AjAnu

005 - DATE AND TIME OF LATEST TRANSACTION

  • control field: 20230606081734.0

008 - FIXED-LENGTH DATA ELEMENTS

  • fixed length control field: 230606|| aca||aabn | a|a d

040 ## - CATALOGING SOURCE

  • Original cataloging agency: JO-AjAnu
  • Transcribing agency: JO-AjAnu

150 ## - HEADING--TOPICAL TERM

  • Topical term or geographic name entry element: محاكم النقض والابرام -- القضاء الاداري -- الاردن -- المحاكم -- الاردن -- المحاكم الدستورية -- الاردن

670 ## - SOURCE DATA FOUND

  • Source citation: Work cat.: (JO-AjAnu)23972: اعداد ، موسى الاعرج , author 46836, مجموعة المبادئ القانونية لمحكمة التمييز بصفتها محكمة عدل عليا : المنشورة في مجلة نقابة المحاميين خلال خمس وثلاثين سنة : منذ بداية سنة 1953 حتى نهاية سنة 1987